Titanfall 2 : Titans - Statistiques

Statistiques générales
  • Ce quiz a été pris 49 fois
  • Le résultat moyen est 6 sur 7
Statistiques - réponses
TITAN % Correct
Légion
91%
Ion
89%
Ronin
89%
Scorch
83%
Monarch
80%
Northstar
77%
Tone
74%
Aucun quiz correspondant
Distribution des résultats
% des personnes avec chaque résultat
Percentile par nombre de réponses
Votre historique - résultats
Vous n’avez pas pris ce quiz